000 00583nam a2200229Ia 4500
003 OSt
005 20221005130701.0
006 a|||||r|||| 00| 0
007 ta
008 221004b |||||||| |||| 00| 0 mal d
024 _a54694
037 _cTextual
040 _aCRL
_cCRL
_bmal
041 _2mal
_amal
082 _aO32:gN1, K6
100 _aPillai Parmeswaran
_9638480
245 0 _aSahitya nayakannar
260 _c1966
650 _aMALAYALAM LITERATURE
_938866
942 _hO32:gN1, K6
_cTEXL
_2cc
999 _c1058035
_d1058035